Biomaterials and bioprocessing / (Record no. 27422)
[ view plain ]
| 000 -LEADER | |
|---|---|
| fixed length control field | 00991cam a22002775a 4500 |
| 005 - DATE AND TIME OF LATEST TRANSACTION | |
| control field | 20190520102808.0 |
| 008 - FIXED-LENGTH DATA ELEMENTS--GENERAL INFORMATION | |
| fixed length control field | 030226t2003 nhua grb 001 0 eng d |
| 020 ## - INTERNATIONAL STANDARD BOOK NUMBER | |
| International Standard Book Number | 1578082846 |
| 020 ## - INTERNATIONAL STANDARD BOOK NUMBER | |
| International Standard Book Number | 157808010X |
| 020 ## - INTERNATIONAL STANDARD BOOK NUMBER | |
| International Standard Book Number | 9781578082841 |
| 040 ## - CATALOGING SOURCE | |
| Original cataloging agency | DLC |
| Language of cataloging | eng |
| Transcribing agency | DLC |
| Modifying agency | DLC |
| -- | EG-ScBUE |
| -- | EG-ScBUE |
| 082 04 - DEWEY DECIMAL CLASSIFICATION NUMBER | |
| Classification number | 660.6 |
| Item number | BIO |
| Edition number | 22 |
| 245 00 - TITLE STATEMENT | |
| Title | Biomaterials and bioprocessing / |
| Statement of responsibility, etc | editors Milton Fingermnan, Rachakonda Nagabhushanam. |
| 260 ## - PUBLICATION, DISTRIBUTION, ETC. (IMPRINT) | |
| Place of publication, distribution, etc | Enfield, NH ; |
| -- | Plymouth, UK : |
| Name of publisher, distributor, etc | Science Publishers, |
| Date of publication, distribution, etc | c.2003. |
| 300 ## - PHYSICAL DESCRIPTION | |
| Extent | x, 385 p. : |
| Other physical details | ill. (some col.) ; |
| Dimensions | 24 cm. |
| 490 0# - Series Statement | |
| Series statement | Recent Advances in Marine Biotechnology ; |
| Volume/sequential designation | v. 9 |
| 504 ## - BIBLIOGRAPHY, ETC. NOTE | |
| Bibliography, etc | Includes bibliographical references and index. |
| 650 #7 - SUBJECT ADDED ENTRY--TOPICAL TERM | |
| Topical term or geographic name as entry element | Marine biotechnology. |
| Source of heading or term | BUEsh |
| 650 #7 - SUBJECT ADDED ENTRY--TOPICAL TERM | |
| Topical term or geographic name as entry element | Biopolymers. |
| Source of heading or term | BUEsh |
| 9 (RLIN) | 40064 |
| 650 #7 - SUBJECT ADDED ENTRY--TOPICAL TERM | |
| Topical term or geographic name as entry element | Biochemical engineering. |
| Source of heading or term | BUEsh |
| 9 (RLIN) | 19460 |
| 651 ## - SUBJECT ADDED ENTRY--GEOGRAPHIC NAME | |
| Source of heading or term | BUEsh |
| 653 ## - INDEX TERM--UNCONTROLLED | |
| Resource For college | Engineering, Chemical |
| Arrived date list | April2019 |
| 700 1# - ADDED ENTRY--PERSONAL NAME | |
| Personal name | Fingerman, Milton, |
| Dates associated with a name | 1928- |
| Title of a work | editor. |
| 700 1# - ADDED ENTRY--PERSONAL NAME | |
| Personal name | Nagabhushanam, Rachakonda, |
| Title of a work | editor. |
| 942 ## - ADDED ENTRY ELEMENTS (KOHA) | |
| Source of classification or shelving scheme | Dewey Decimal Classification |
| Withdrawn status | Item status | Source of classification or shelving scheme | Damaged status | Not for loan | Vendor | Home library | Current library | Shelving location | Date acquired | Source of acquisition | Total Checkouts | Full call number | Barcode | Date last seen | Koha item type |
|---|---|---|---|---|---|---|---|---|---|---|---|---|---|---|---|
| Dewey Decimal Classification | Donation-Gift | Central Library | Central Library | First floor | 23/04/2019 | Donation | 660.6 BIO | 000043515 | 15/07/2025 | Book - Borrowing |